Návrh pracoviska so 6 osovým robotom navádzaným 3D kamerou
Na minha lista:
| Autor principal: | |
|---|---|
| Outros Autores: | |
| Formato: | Manuscrito Livro |
| Idioma: | eslovaco |
| Publicado em: |
2015
|
| Assuntos: | |
| Acesso em linha: | http://is.stuba.sk/zp/portal_zp.pl?podrobnosti=111709 |
| Tags: |
Sem tags, seja o primeiro a adicionar uma tag!
|
MARC
| LEADER | 00000ntm a22000003a 4500 | ||
|---|---|---|---|
| 001 | stuzp51956 | ||
| 003 | SK-STU | ||
| 005 | 20160719154021.7 | ||
| 007 | ta | ||
| 008 | 150427s2015----xo-----f-mn---000-0-slo-d | ||
| 040 | |a STU |b slo | ||
| 041 | 0 | |a slo | |
| 100 | 1 | |a Baxa, Tomáš |u 031000 |4 aut |U FEI Fakulta elektrotechniky a informatiky |T FEI Ústav robotiky a kybernetiky |X 6137 |U E011 |Y 356 |7 A000006137 | |
| 242 | 0 | 1 | |a Workplace design with 6 axis robot guided by 3D camera |y eng |
| 245 | 1 | 0 | |a Návrh pracoviska so 6 osovým robotom navádzaným 3D kamerou |
| 260 | |c 2015 | ||
| 300 | |a 92 s., príl. |b DVD | ||
| 650 | 4 | |a SICK |2 slo | |
| 650 | 4 | |a IVC 3D100 |2 slo | |
| 650 | 4 | |a KUKA |2 slo | |
| 650 | 4 | |a KRC4 |2 slo | |
| 650 | 4 | |a robot |2 slo | |
| 650 | 4 | |a robotický manipulátor |2 slo | |
| 650 | 4 | |a 3D kamera |2 slo | |
| 650 | 4 | |a robotická bunka |2 slo | |
| 650 | 4 | |a SICK |2 eng | |
| 650 | 4 | |a IVC 3D100 |2 eng | |
| 650 | 4 | |a KUKA |2 eng | |
| 650 | 4 | |a KRC4 |2 eng | |
| 650 | 4 | |a Robot |2 eng | |
| 650 | 4 | |a Robotic Manipulator |2 eng | |
| 650 | 4 | |a 3D Camera |2 eng | |
| 650 | 4 | |a Robotic Cell |2 eng | |
| 700 | 1 | |a Mudráková, Tatiana |4 ths |X 11955 |7 A000011955 | |
| 856 | 4 | |u http://is.stuba.sk/zp/portal_zp.pl?podrobnosti=111709 | |
| 996 | |b 284EP11078 |c E*DIPL- 11078 |l EE31 |s P |a 0 |w stuzp51956_0001 | ||
| SQL | |a stuzp51956 |b DDP |c SLO |d Návrh pracoviska so 6 osovým robotom navádzaným 3D kamerou |e 6137 |f Baxa, Tomáš |g 031000 |h 11955 |i Mudráková, Tatiana |j 20150616 |k 84 |l 03 |m http://is.stuba.sk/zp/portal_zp.pl?podrobnosti=111709 |n I-ROB |o 5.2.14. automatizácia | ||